000 00615nam a2200205 i 4500
001 bg
100 1 _aGAJEWSKI, Wacław
245 0 _aInżynieria genetyczna /
_cWacław Gajewski, Piotr Węgleński.
260 _aWarszawa :
_bPaństw. Wydawn. Nauk.,
_c1980.
300 _as. 259, nlb. 1 :
_brys., tabl. nlb. 1.
490 1 _aZagadnienia Biologii Współczesnej
504 _a[Zawiera bibliogr. s. 251-260].
700 1 _aWĘGLEŃSKI, Piotr
830 _aZagadnienia Biologii Współczesnej
040 _cBPK
041 _apol
080 _a575
942 _cKS
008 s pl f |000 0 pol
999 _c21610
_d21610
856 _uhttp://koha.tu.koszalin.pl/cgi-bin/koha/opac-detail.pl?biblionumber=21610
_yKatalog online BPK